Culture Générale - Série 2319 - Statistiques

Statistiques générales
  • Ce quiz a été pris 184 fois
  • Le résultat moyen est 7 sur 10
Statistiques - réponses
Question Réponse % Correct
Quel biscuit a été rendu célèbre par Marcel Proust ? madeleine
94%
Quel fut le premier livre imprimé par Gutenberg ? bible
87%
Selon l'Ancien Testament, combien de plaies ont frappé l'Egypte ? 10
79%
Qui était la mère du prince Albert II de Monaco ? prénom et nom Grace Kelly
77%
Quelle rivière traverse la ville de Grenoble (38) ? Isère
76%
Qui a chanté "Salade de fruits" en 1959 ? Bourvil
67%
De quel fruit la "Montmorency" est-elle une variété ? cerise
67%
Quel écrivain (1821-1880) est l'auteur de "Salammbô" ? prénom et nom - voir photo Gustave Flaubert
52%
Quel est le chef lieu du département des Deux Sévres ? Niort
52%
Dans quel film de Francis Ford Coppola trouve-t-on la réplique " J’adore l’odeur du napalm au petit matin" ? Apocalypse now
49%
Aucun quiz correspondant
Distribution des résultats
% des personnes avec chaque résultat
Percentile par nombre de réponses
Votre historique - résultats
Vous n’avez pas pris ce quiz